Statistics for UEFA Euro 2016 Host Cities and Stadiums

Click here to take the quiz!

General Stats

  • This quiz has been taken 17 times
  • The average score is 13 of 19

Answer Stats

Answer% Correct
Paris
100%
Bordeaux
91%
Lille
91%
Lyon
91%
Marseille
91%
Nice
91%
Saint-Étienne
91%
Toulouse
91%
Stade de France
82%
Stade Vélodrome
82%
Lens
73%
Parc des Princes
64%
Stade de Nice
55%
Parc Olympique Lyonnais
45%
Stade Bollaert-Delelis
45%
Stade Pierre-Mauroy
45%
Stade Geoffroy-Guichard
36%
Stade de Bordeaux
27%
Stadium de Toulouse
27%

Score Distribution

Percentile by Number Answered

Percent of People with Each Score

Your Score History

You have not taken this quiz